Зарождение локальных структурных перестроек в кристаллите титана при деформировании с учетом температуры; Известия вузов. Физика; Т. 54, № 11, ч. 3

Detalhes bibliográficos
Parent link:Известия вузов. Физика/ Национальный исследовательский Томский государственный университет (ТГУ).— , 1958-
Т. 54, № 11, ч. 3.— 2011.— [С. 196-200]
Autor Corporativo: Национальный исследовательский Томский политехнический университет (ТПУ) Институт физики высоких технологий (ИФВТ) Кафедра физики высоких технологий в машиностроении (ФВТМ)
Outros Autores: Коноваленко И. С. Игорь Сергеевич, Зольников К. П., Крыжевич Д. С., Псахье С. Г. Сергей Григорьевич
Resumo:Заглавие с экрана
Проведено молекулярно-динамическое моделирование зарождения и развития пластической деформации в кристаллите титана при одноосном растяжении. Межатомное взаимодействие описывалось в рамках метода погруженного атома. Изучены особенности генерации локальных структурных перестроек в кристаллите с учетом температуры и наличия межзеренной границы. Показано, что существует пороговое значение деформации, при достижении которого в кристаллите начинают зарождаться локальные структурные перестройки. Зарождение пластической деформации в кристаллите сопровождается скачкообразным уменьшением потенциальной энергии. Вследствие термофлуктуационной природы генерации локальных структурных изменений пороговое значение деформации уменьшается с ростом температуры кристаллита.
Режим доступа: по договору с организацией-держателем ресурса
Idioma:russo
Publicado em: 2011
Assuntos:
Acesso em linha:http://elibrary.ru/item.asp?id=17650607
Formato: MixedMaterials Recurso Electrónico Capítulo de Livro
KOHA link:https://koha.lib.tpu.ru/cgi-bin/koha/opac-detail.pl?biblionumber=654357

MARC

LEADER 00000naa0a2200000 4500
001 654357
005 20250312095731.0
035 |a (RuTPU)RU\TPU\network\19951 
035 |a RU\TPU\network\19881 
090 |a 654357 
100 |a 20170425d2011 k||y0rusy50 ca 
101 0 |a rus 
102 |a RU 
135 |a drcn ---uucaa 
181 0 |a i  
182 0 |a b 
200 1 |a Зарождение локальных структурных перестроек в кристаллите титана при деформировании с учетом температуры  |f И. С. Коноваленко [и др.] 
203 |a Текст  |c электронный 
300 |a Заглавие с экрана 
320 |a [Библиогр.: 10 назв.] 
330 |a Проведено молекулярно-динамическое моделирование зарождения и развития пластической деформации в кристаллите титана при одноосном растяжении. Межатомное взаимодействие описывалось в рамках метода погруженного атома. Изучены особенности генерации локальных структурных перестроек в кристаллите с учетом температуры и наличия межзеренной границы. Показано, что существует пороговое значение деформации, при достижении которого в кристаллите начинают зарождаться локальные структурные перестройки. Зарождение пластической деформации в кристаллите сопровождается скачкообразным уменьшением потенциальной энергии. Вследствие термофлуктуационной природы генерации локальных структурных изменений пороговое значение деформации уменьшается с ростом температуры кристаллита. 
333 |a Режим доступа: по договору с организацией-держателем ресурса 
461 |t Известия вузов. Физика  |f Национальный исследовательский Томский государственный университет (ТГУ)  |d 1958- 
463 |t Т. 54, № 11, ч. 3  |v [С. 196-200]  |d 2011 
610 1 |a электронный ресурс 
610 1 |a труды учёных ТПУ 
610 1 |a атомные механизмы пластической деформации 
610 1 |a локальные структурные перестройки 
610 1 |a границы зерен 
701 1 |a Коноваленко  |b И. С.  |c физик  |c доцент Томского политехнического университета, кандидат физико-математических наук  |f 1980-  |g Игорь Сергеевич  |3 (RuTPU)RU\TPU\pers\35774  |9 18931 
701 1 |a Зольников  |b К. П. 
701 1 |a Крыжевич  |b Д. С. 
701 1 |a Псахье  |b С. Г.  |c физик  |c заведующий лабораторией, советник ректора, заведующий кафедрой Томского политехнического университета, доктор физико-математических наук  |f 1952-  |g Сергей Григорьевич  |3 (RuTPU)RU\TPU\pers\25589 
712 0 2 |a Национальный исследовательский Томский политехнический университет (ТПУ)  |b Институт физики высоких технологий (ИФВТ)  |b Кафедра физики высоких технологий в машиностроении (ФВТМ)  |3 (RuTPU)RU\TPU\col\18687 
801 2 |a RU  |b 63413507  |c 20170425  |g RCR 
856 4 |u http://elibrary.ru/item.asp?id=17650607 
942 |c CF